F1 2021 - Statistics

General Stats
  • This quiz has been taken 71 times
  • The average score is 15 of 20
Answer Stats
Hint Answer % Correct
Mercedes Petronas Lewis Hamilton
98%
Aston Martin Sebastian Vettel
87%
Alpine F1 Team Fernando Alonso
83%
Mercedes Petronas Valtteri Bottas
83%
Scuderia Ferrari Carlos Sainz
81%
Scuderia Ferrari Charles Leclerc
81%
McLaren F1 Team Daniel Ricciardo
81%
Alpine F1 Team Esteban Ocon
81%
McLaren F1 Team Lando Norris
81%
Red Bull Racing Max Verstappen
81%
Aston Martin Lance Stroll
80%
Scuderia AlphaTauri Pierre Gasly
80%
Red Bull Racing Sergio Perez
78%
Scuderia AlphaTauri Yuki Tsunoda
76%
Williams F1 George Russell
72%
Haas Formula LLC Mick Schumacher
70%
Williams F1 Nicholas Latifi
69%
Haas Formula LLC Nikita Mazepin
44%
Alfa Romeo Racing Antonio Giovinazzi
39%
Alfa Romeo Racing Kimi Räikönnen
35%
No matching quizzes found
Score Distribution
Percent of People with Each Score
Percentile by Number Answered
Your Score History
You have not taken this quiz